000 00346 a2200169 4500
001 50627
020 _a8500005173
040 _cAnchieta - Bela Vista
100 _aCunha, Leo
240 1 0 _aCantigamente
_lpor
245 1 0 _aCantigamente
300 _a29
362 0 _a1998
440 1 _aEdiouro
650 4 _aLiteratura juvenil
942 _cBK
999 _c50627
_d50627